Southville International School and Colleges
Your cart is empty.
  • Cart
  • Lists
    Public lists Eva Luna New books Lux_list list_1
    Your lists Log in to create your own lists
  • Log in to your account
  • Your cookies
  • Search history
Southville International School and Colleges
  • Advanced search
  • Recent comments
  • Most popular
  • Libraries

Log in to your account

Log in with GOOGLE


If you do not have an external account, but do have a local account, you can still log in:

  1. Home
  2. MARC view: The girl who drank the moon /
Normal view MARC view ISBD view

The girl who drank the moon / (Record no. 368272)

[ view plain ]
MARC details
000 -LEADER
fixed length control field 00902nam a22002417a 4500
003 - CONTROL NUMBER IDENTIFIER
control field 0
005 - DATE AND TIME OF LATEST TRANSACTION
control field 20251018104739.0
008 - FIXED-LENGTH DATA ELEMENTS--GENERAL INFORMATION
fixed length control field 251018b xxu||||| |||| 00| 0 eng d
020 ## - INTERNATIONAL STANDARD BOOK NUMBER
International Standard Book Number 978-1-61620-746-5
050 ## - LIBRARY OF CONGRESS CALL NUMBER
Classification number PZ 7.1
Item number .B266 2016
100 ## - MAIN ENTRY--PERSONAL NAME
Personal name Barnhill, Kelly,
Relator term author.
245 ## - TITLE STATEMENT
Title The girl who drank the moon /
Statement of responsibility, etc Kelly Barnhill.
260 ## - PUBLICATION, DISTRIBUTION, ETC. (IMPRINT)
Place of publication, distribution, etc New York :
Name of publisher, distributor, etc Algonquin Young Readers, an imprint of Workman Publishing Company,
Date of publication, distribution, etc 2016.
300 ## - PHYSICAL DESCRIPTION
Extent 386 pages ;
Dimensions 21 cm.
500 ## - GENERAL NOTE
General note Winner of the 2017 Newbery Medal.
520 ## - SUMMARY, ETC.
Summary, etc Luna, raised by a kind witch in a forest filled with magic, must discover her own powers and uncover the truth behind her mysterious past before darkness overtakes her world.<br/>
650 ## - SUBJECT ADDED ENTRY--TOPICAL TERM
Topical term or geographic name as entry element Magic
Form subdivision Fiction.
650 ## - SUBJECT ADDED ENTRY--TOPICAL TERM
Topical term or geographic name as entry element Witches
Form subdivision Fiction.
650 ## - SUBJECT ADDED ENTRY--TOPICAL TERM
Topical term or geographic name as entry element Orphans
Form subdivision Fiction.
650 ## - SUBJECT ADDED ENTRY--TOPICAL TERM
Topical term or geographic name as entry element Fantasy fiction.
650 ## - SUBJECT ADDED ENTRY--TOPICAL TERM
Topical term or geographic name as entry element Newbery Medal books.
942 ## - ADDED ENTRY ELEMENTS (KOHA)
Source of classification or shelving scheme Library of Congress Classification
Koha item type Books
Holdings
Withdrawn status Lost status Source of classification or shelving scheme Damaged status Home library Current library Shelving location Date acquired Source of acquisition Sub Shelving location Total Checkouts Full call number Barcode Date last seen Price effective from Koha item type
    Library of Congress Classification   Luxembourg Library Luxembourg Library Fiction Section 11/19/2024 Library Fund     PZ 7.1 .B266 2016 21439 10/18/2025 10/18/2025 Books

The girl who drank the moon /

APA

Barnhill K., . (2016). The girl who drank the moon. New York: Algonquin Young Readers, an imprint of Workman Publishing Company.

Chicago

Barnhill Kelly, . 2016. The girl who drank the moon. New York: Algonquin Young Readers, an imprint of Workman Publishing Company.

Harvard

Barnhill K., . (2016). The girl who drank the moon. New York: Algonquin Young Readers, an imprint of Workman Publishing Company.

MLA

Barnhill Kelly, . The girl who drank the moon. New York: Algonquin Young Readers, an imprint of Workman Publishing Company. 2016.

  • Place hold
  • Print
  • Cite
  • Add to your cart (remove)
  • Save record
    BIBTEX Dublin Core MARCXML MARC (non-Unicode/MARC-8) MARC (Unicode/UTF-8) MARC (Unicode/UTF-8, Standard) MODS (XML) RIS
  • More searches
    Search for this title in:
    Other Libraries (WorldCat) Other Databases (Google Scholar) Online Stores (Bookfinder.com) Open Library (openlibrary.org)

Exporting to Dublin Core...

SOUTHVILLE LIBRARY

Southville International School and Colleges Library

1281 Tropical Ave. Cor. Luxembourg St., BF Homes International, Las Pinas City

Tel. No. 8256374 / 252358 Loc. 117/146

Powered by Koha